Doña María Henríquez de Toledo : (Record no. 20439)

MARC details
000 -LEADER
campo de control de longitud fija 00873nam a2200217 i 4500
001 - NÚMERO DE CONTROL
campo de control 20439
003 - IDENTIFICADOR DE NÚMERO DE CONTROL
campo de control ES-MaACL
005 - FECHA Y HORA DE LA ÚLTIMA TRANSACCIÓN
campo de control 20251005063031.0
007 - CAMPO FIJO DE DESCRIPCIÓN FÍSICA--INFORMACIÓN GENERAL
campo de control de longitud fija t|
008 - DATOS DE LONGITUD FIJA--INFORMACIÓN GENERAL
campo de control de longitud fija 021112s1900 sp ||||1| spa d
100 1# - ENTRADA PRINCIPAL--NOMBRE DE PERSONA
Nombre de persona Cerralbo, Enrique de Aguilera y Gamboa,
Títulos y otros términos asociados al nombre Marqués de
9 (RLIN) 37561
245 10 - MENCIÓN DEL TÍTULO
Título Doña María Henríquez de Toledo :
Resto del título mujer del gran duque de Alba /
Mención de responsabilidad, etc. por el marqués de Cerralbo.
260 ## - PUBLICACIÓN, DISTRIBUCIÓN, ETC.
Lugar de publicación, distribución, etc. Madrid :
Nombre del editor, distribuidor, etc. [s.n.],
Fecha de publicación, distribución, etc. 1900 (
Fabricante Imp. de San Francisco de Sales)
300 ## - DESCRIPCIÓN FÍSICA
Extensión 13 p. ;
Dimensiones 27 cm.
530 ## - NOTA DISPONIBLE DE FORMULARIO FÍSICO ADICIONAL
Nota de formato físico adicional disponible Disponible en formato digital.
594 ## - Nota al título y mención de responsabilidad
Nota al título y mención de responsabilidad "Artículo publicado en el Boletín de la Sociedad Española de Excursiones"
600 14 - PUNTO DE ACCESO ADICIONAL DE MATERIA--NOMBRE DE PERSONA
Nombre de persona Enríquez de Toledo y Guzmán, María.
9 (RLIN) 155413
852 4# - LOCALIZACIÓN
Ubicación ES-MaACL
Número de control de estantería T-990-F-12
856 4# - LOCALIZACIÓN Y ACCESO ELECTRÓNICOS
Identificador Uniforme de Recursos <a href="http://bdh-rd.bne.es/viewer.vm?id=0000083959&page=1 ">http://bdh-rd.bne.es/viewer.vm?id=0000083959&page=1 </a>
Nota pública Biblioteca Digital Hispánica
Holdings
Estatus retirado Estado de pérdida Estado de daño No para préstamo Colección Biblioteca de origen Biblioteca actual Ubicación en estantería Fecha de adquisición Fuente de adquisición Total de préstamos Signatura topográfica completa Código de barras Visto por última vez Precio de reemplazo Tipo de ítem Koha
        Colección de folletos Biblioteca del Ateneo de Madrid Biblioteca del Ateneo de Madrid Depósito folletos 17/01/2008     T-990-F-12 1020968 23/02/2023 23/02/2023 Folleto